000 00521nam a2200217 a 4500
001 0001-2223
003 ELIB.Books
008 190803 2010 eng
020 _aKBTS
092 _aB
_bEll
100 _aElliott, Leslie R.
245 _aFrom Faith to Fact
260 _aTexas
_bFort Worth
_c1968
300 _a83
_c19.5cm
650 _aBiography
856 _nKBTS Library
_uKBTS Elib
942 _2ddc
_cBK
990 _a1
998 _aEnglishbooks.elf
_ccat
_e2019-08-03
999 _c12223
_d12223